Score 0/24 Timer 06:00
6 Plays Today
% Correct
Elvis Presley
99.1%
Michael Jackson
98.9%
Ellen Degeneres
92.4%
Britney Spears
90.5%
Taylor Swift
88.4%
Meryl Streep
85.7%
Emma Watson
85.7%
Robert Downey Jr.
82.1%
Rihanna
80.8%
Kanye West
79.9%
James Franco
77.6%
Jennifer Lawrence
77.3%
% Correct
Ryan Gosling
75.1%
Kristen Stewart
73.5%
Emma Stone
71.3%
Ricky Gervais
71.3%
Freddie Mercury
67.5%
David Bowie
67.1%
Tommy Lee Jones
65%
Bob Dylan
64.4%
Jake Gyllenhaal
60.9%
Tupac Shakur
54%
Ralph Fiennes
51.8%
Dave Grohl
48.4%
Remove Ads.
Support Sporcle.
Get the best of Sporcle when you Go Orange. This ad-free experience offers more features, more stats, and more fun while also helping to support Sporcle. Thank you for becoming a member.

You're not logged in!

Compare scores with friends on all Sporcle quizzes.
OR
Log In

Show Comments

Extras

Top Quizzes Today


Score Distribution

Your Account Isn't Verified!

In order to create a playlist on Sporcle, you need to verify the email address you used during registration. Go to your Sporcle Settings to finish the process.

Report this User

Report this user for behavior that violates our Community Guidelines.

Details: